000 00612nam a22002177a 4500
008 130526b xxu||||| |||| 00| 0 eng d
020 _a185 293 2999
024 _cAvilable
037 _cAvilable
082 _222ed
_a338.9 FOH
100 _aFoster Harold D.
245 _aAdvances in Resource Management.
260 _aLondon
_bBelhaven Press.
_c1993
300 _a23.5 cm
_b366 Page
_f1
_g23.5 cm
600 _aEconomic Development and Growth.
700 _aFoster Harold D.
270 _aLondon
_bLondon
_dUK
365 _b4922.00
_d4922.00
942 _2ddc
_cBK
999 _c415
_d415